Élections présidentielles en France comme aux États-Unis - Statistiques

Statistiques générales
  • Ce quiz a été pris 1 620 fois
  • Le résultat moyen est 420 sur 1202
Réponses sur la Carte
Les réponses sont colorées sur une échelle allant du rouge au vert en fonction du pourcentage des utilisateurs qui les ont devinées à leur premier essai. Vous pouvez retrouver ces pourcentages ci-dessous.
 
Statistiques - réponses
Département % Correct
Paris
91%
Nord
77%
Bouches-du-Rhône
69%
Loire
66%
Rhône
66%
Gironde
61%
Pas-de-Calais
61%
Seine-Saint-Denis
58%
Bas-Rhin
57%
Yvelines
55%
Var
51%
Seine-et-Marne
50%
Finistère
49%
Haut-Rhin
49%
Essonne
48%
Val-de-Marne
46%
Hauts-de-Seine
45%
Val-d'Oise
45%
Alpes-Maritimes
43%
Loire-Atlantique
40%
Ille-et-Vilaine
38%
Oise
38%
Haute-Garonne
36%
Hérault
36%
Ain
33%
Aisne
32%
Loiret
32%
Seine-Maritime
32%
Somme
31%
Calvados
29%
Isère
29%
Savoie
28%
Gard
27%
Guyane
27%
Moselle
27%
Marne
26%
Eure
25%
La Réunion
25%
Manche
25%
Morbihan
25%
Vaucluse
24%
Haute-Savoie
23%
Landes
21%
Corse-du-Sud
20%
Haute-Corse
20%
Vendée
20%
Charente
19%
Côte-d'Or
18%
Guadeloupe
18%
Aude
17%
Martinique
17%
Meuse
17%
Côtes-d'Armor
16%
Indre
16%
Aube
15%
Drôme
15%
Jura
15%
Mayotte
15%
Tarn
15%
Allier
14%
Cher
14%
Doubs
14%
Meurthe-et-Moselle
14%
Orne
14%
Lot
13%
Maine-et-Loire
13%
Ardennes
12%
Eure-et-Loir
12%
Ardèche
11%
Charente-Maritime
11%
Gers
11%
Indre-et-Loire
11%
Puy-de-Dôme
11%
Pyrénées-Atlantique
11%
Pyrénées-Orientales
11%
Sarthe
11%
Aveyron
10%
Haute-Marne
10%
Loir-et-Cher
10%
Mayenne
10%
Vosges
10%
Cantal
9%
Creuse
9%
Yonne
9%
Haute-Loire
8%
Hautes-Alpes
8%
Nièvre
8%
Vienne
7%
Dordogne
6%
Saône-et-Loire
6%
Tarn-et-Garonne
6%
Territoire de Belfort
6%
Alpes-de-Haute-Provence
5%
Ariège
5%
Corrèze
5%
Lot-et-Garonne
5%
Deux-Sèvres
4%
Haute-Vienne
4%
Lozère
4%
Haute-Saône
3%
Hautes-Pyrénées
2%
Aucun quiz correspondant
Distribution des résultats
% des personnes avec chaque résultat
Percentile par nombre de réponses
Votre historique - résultats
Vous n’avez pas pris ce quiz